000 00472nam a2200205Ia 4500
005 20250425162749.0
008 250425s9999 xx 000 0 und d
041 _aspa
082 _a700
100 _aSULLIVAN, MICHAEL
245 0 _aLAS BELLAS ARTES: ARTE CHINO Y JAPONES
250 _a1A ED.
260 _aItalia
_bGROLIER
_c1969
260 _aMILAN
300 _a296
650 _aARTE-HISTORIA
650 _aBELLAS ARTES
942 _c01
010 _a106451
999 _c235929
_d235929